ბათუმის შოთა რუსთაველის სახელმწიფო უნივერსიტეტის ბიბლიოთეკა

თხზულებანი. ტ.1. ლექსები (ბიბ.ჩანაწერი № 47233)

000 -LEADER
fixed length control field 00848nam a2200217Ia 4500
001 - CONTROL NUMBER
control field 14093
003 - CONTROL NUMBER IDENTIFIER
control field GE_BSU
008 - FIXED-LENGTH DATA ELEMENTS--GENERAL INFORMATION
fixed length control field 181216s||||||||xx |||||||||||||| ||und||
040 ## - CATALOGING SOURCE
Transcribing agency GE_BSU
080 ## - UNIVERSAL DECIMAL CLASSIFICATION NUMBER
Universal Decimal Classification number 821.353.1
100 ## - MAIN ENTRY--PERSONAL NAME
Personal name ერისთავი, რაფიელ
245 ## - TITLE STATEMENT
Title თხზულებანი. ტ.1. ლექსები
245 ## - TITLE STATEMENT
Remainder of title ქრონოლოგიური ცნობები რაფ.ერისთავის ცხოვრებისა და მოღვაწეობის შესახებ
245 ## - TITLE STATEMENT
Statement of responsibility, etc. რედ.შ.რადიანი წინასიტყვ. და შენიშვნ.
260 ## - PUBLICATION, DISTRIBUTION, ETC.
Place of publication, distribution, etc. ტფილისი
260 ## - PUBLICATION, DISTRIBUTION, ETC.
Date of publication, distribution, etc. 1935
300 ## - PHYSICAL DESCRIPTION
Extent 392გვ.21სმ.
300 ## - PHYSICAL DESCRIPTION
Other physical details ფ.პორტრ.
653 ## - INDEX TERM--UNCONTROLLED
Uncontrolled term თხზულებანი
942 ## - ADDED ENTRY ELEMENTS (KOHA)
Koha item type წიგნი
ეგზემპლარები
Withdrawn status Lost status Damaged status Not for loan Date acquired Barcode Date last seen Price effective from Koha item type
        2018-12-17 30277 2018-12-17 2018-12-17 წიგნი